Statistiques concernant Tous les peuples et créatures du seigneur des anneaux

Cliquez ici pour prendre le quiz!

Statistiques générales

  • Ce quiz a été pris 125 fois
  • Le résultat moyen est 9 sur 23

Statistiques - réponses

Type de quizRéponse% Correct
Elfes
98%
Nains
93%
Hobbits
92%
PeuplesHommes
92%
Orques
75%
Gobelins
60%
Ents
55%
Dragons
55%
Uruk-hai
53%
Nazgûl
50%
Trolls
50%
Balrogs
35%
Wargs
24%
CréaturesAraignées géantes
6%
Vampires
5%
Loups-garous
4%
Ainur
2%
Armée des Morts
2%
CréaturesHuorns
1%
Mange-Terre
1%
Êtres des Galgals
0%
Géants de Pierre
0%
Guetteur de l'Eau
0%

Distribution des résultats

Percentile par nombre de réponses

% des personnes avec chaque résultat

Votre développement - résultats

Vous n’avez pas pris ce quiz